[Event "AUTO-ELITE-2202"]
[Site "http://www.queenalice.com/game.php?id=1609527"]
[Date "2020.4.26"]
[Round "2"]
[White "Sacapiece"]
[Black "Matt24"]
[Result "0-1"]
[WhiteElo "2278"]
[BlackElo "2622"]

1. e4 c6 2. d4 d5 3. exd5 cxd5 4. c4 e6 5. Nf3 Nf6 6. Bd3 Nc6 7. cxd5 Nxd5 8.
O-O Be7 9. Re1 O-O 10. a3 Qb6 11. Nc3 Bd7 12. Bc2 Rac8 13. Qd3 g6 14. Bh6 Rfd8
15. h4 Bf6 16. Na4 Qa5 17. Nc5 Nxd4 18. b4 Bb5 19. Qe4 Nc3 20. Nxd4 Nxe4 21.
bxa5 Bxd4 22. Bxe4 Bxa1 23. Nxb7 Bc3 24. Rb1 Bd3 25. Nxd8 Bxb1 26. Bxb1 Rxd8 27.
Be4 Bxa5 28. Be3 Bb6 0-1

[Event "AUTO-ELITE-2202"]
[Site "http://www.queenalice.com/game.php?id=1609528"]
[Date "2020.4.26"]
[Round "2"]
[White "Matt24"]
[Black "Sacapiece"]
[Result "1-0"]
[WhiteElo "2621"]
[BlackElo "2280"]

1. d4 Nf6 2. c4 e5 3. dxe5 Ng4 4. Nf3 Bc5 5. e3 Nc6 6. Nc3 O-O 7. Be2 Ngxe5 8.
Nxe5 Nxe5 9. O-O Re8 10. f4 Nc6 11. Bd3 d6 12. Re1 Qh4 13. g3 Qh6 14. Nd5 Bb6
15. a4 Be6 16. Bd2 a5 17. Nxb6 cxb6 18. Qb3 Bg4 19. Qxb6 Bf3 20. Rf1 Qh5 21.
Rae1 Nb4 22. Bxb4 axb4 23. Qxb4 Re6 24. Qb5 Qxb5 25. axb5 Be4 26. Ra1 Rxa1 27.
Rxa1 h5 28. Ra8+ Kh7 29. Be2 Bg6 30. Kf2 1-0

[Event "AUTO-ELITE-2239"]
[Site "http://www.queenalice.com/game.php?id=1615270"]
[Date "2020.6.6"]
[Round "1"]
[White "trompmaster"]
[Black "Sacapiece"]
[Result "1-0"]
[WhiteElo "2417"]
[BlackElo "2269"]

1. d4 Nf6 2. Nf3 e6 3. g3 c5 4. Bg2 cxd4 5. Nxd4 Bc5 6. O-O Nc6 7. Be3 Nxd4 8.
Bxd4 Bxd4 9. Qxd4 O-O 10. c4 d5 11. cxd5 exd5 12. Nc3 Be6 13. Rfd1 Re8 14. e3
Qa5 15. b4 Qa3 16. Nb5 1-0

[Event "AUTO-ELITE-2239"]
[Site "http://www.queenalice.com/game.php?id=1615271"]
[Date "2020.6.6"]
[Round "1"]
[White "Sacapiece"]
[Black "trompmaster"]
[Result "0-1"]
[WhiteElo "2261"]
[BlackElo "2420"]

1. e4 d6 2. Nc3 Nf6 3. f4 Nbd7 4. Nf3 e5 5. Bc4 h6 6. d3 Be7 7. O-O O-O 8. f5 c6
9. Bb3 Qc7 10. Qe1 b5 11. Qg3 Kh7 12. Qh3 a5 13. a4 b4 14. Ne2 Ba6 15. Ng3 Nc5
16. Bxf7 Rxf7 17. Ng5+ Kg8 18. Nxf7 Kxf7 19. Nh5 Qa7 20. Be3 Nxh5 21. Qxh5+ Kf8
22. g4 Bg5 23. Bxg5 Nxe4+ 24. Kg2 Nxg5 25. h4 Nf7 26. g5 Qd4 27. f6 g6 28. Qxg6
Qg4+ 29. Kh2 Qxh4+ 30. Kg2 Qxg5+ 31. Qxg5 hxg5 32. Rh1 c5 33. Rh5 Bb7+ 34. Kg3
Re8 35. Re1 Re6 0-1

[Event "AUTO-ELITE-2239"]
[Site "http://www.queenalice.com/game.php?id=1615276"]
[Date "2020.6.6"]
[Round "1"]
[White "Sacapiece"]
[Black "parapunzi"]
[Result "0-1"]
[WhiteElo "2247"]
[BlackElo "2573"]

1. e4 c5 2. Nf3 e6 3. d4 cxd4 4. Nxd4 a6 5. Bd3 Qc7 6. Nc3 Nf6 7. Qe2 d6 8. f4
Nbd7 9. g4 h6 10. g5 hxg5 11. fxg5 Nh5 12. g6 Ne5 13. gxf7+ Qxf7 14. Rf1 Nf6 15.
Bg5 Qh5 16. Bxf6 gxf6 17. Qxh5+ Rxh5 18. O-O-O Bh6+ 19. Kb1 Ke7 20. Rh1 Rh3 21.
Bf1 Rh4 22. Be2 Bd7 23. Nf3 Nxf3 24. Bxf3 Bf4 25. Rdg1 Rah8 26. Rg7+ Ke8 27. e5
Bxe5 28. Bxb7 Rb4 0-1

[Event "AUTO-ELITE-2239"]
[Site "http://www.queenalice.com/game.php?id=1615277"]
[Date "2020.6.6"]
[Round "1"]
[White "parapunzi"]
[Black "Sacapiece"]
[Result "1-0"]
[WhiteElo "2597"]
[BlackElo "2273"]

1. e4 c5 2. c3 g6 3. Nf3 Bg7 4. d4 cxd4 5. cxd4 d5 6. e5 Bg4 7. Bb5+ Nc6 8.
Bxc6+ bxc6 9. Nbd2 Nh6 10. h3 Bxf3 11. Nxf3 Qa5+ 12. Bd2 Qb6 13. Qc1 Ng8 14. O-O
e6 15. Bb4 Ne7 16. Bc5 Qb7 17. b4 O-O 18. Qd2 Rfe8 19. a4 Nc8 20. a5 a6 21. Rab1
Rb8 22. Rfe1 Qb5 23. Nh2 h5 24. g4 Kh7 25. gxh5 gxh5 26. Kh1 Bh6 27. Qc2+ Kh8
28. Qd1 1-0

[Event "AUTO-ELITE-2312"]
[Site "http://www.queenalice.com/game.php?id=1644276"]
[Date "2021.2.20"]
[Round "1"]
[White "BEBADO"]
[Black "Sacapiece"]
[Result "0-1"]
[WhiteElo "2311"]
[BlackElo "2229"]

1. e4 c5 2. Nf3 d6 3. d4 cxd4 4. Nxd4 Nf6 5. Nc3 g6 6. Be3 Bg7 7. f3 O-O 8. Qd2
Nc6 9. Bc4 Bd7 10. O-O-O Rb8 11. h4 b5 12. Ndxb5 Ne5 13. Be2 Qa5 14. Nd4 Rfc8
15. Nb3 Rxb3 16. cxb3 Qxa2 17. Qc2 Qa5 18. Rd4 Qa1+ 19. Qb1 Rxc3+ 0-1

[Event "AUTO-ELITE-2312"]
[Site "http://www.queenalice.com/game.php?id=1644277"]
[Date "2021.2.20"]
[Round "1"]
[White "Sacapiece"]
[Black "BEBADO"]
[Result "0-1"]
[WhiteElo "2230"]
[BlackElo "2303"]

1. e4 c5 2. Nf3 e6 3. d4 cxd4 4. Nxd4 a6 5. Be2 Nf6 6. Nc3 d6 7. O-O Be7 8. Be3
O-O 9. f4 Qc7 10. Qe1 Nc6 11. Qg3 Nxd4 12. Bxd4 b5 13. e5 dxe5 14. fxe5 Bc5 15.
Bxc5 Qxc5+ 16. Kh1 Nd7 17. Rae1 Qxe5 18. Qxe5 Nxe5 19. Bxb5 axb5 20. Rxe5 b4 21.
Ne4 Rxa2 22. Rb1 Rd8 23. h4 Bb7 24. Nc5 Bd5 25. Nd3 b3 26. cxb3 Bxg2+ 27. Kxg2
Rxd3 28. Rb5 g6 29. Rb8+ Kg7 30. b4 Rb3 31. b5 h5 32. b6 Raxb2+ 33. Rxb2 Rxb2+
34. Kg3 Kf6 35. b7 Kf5 36. Kf3 e5 0-1

[Event "AUTO-ELITE-2312"]
[Site "http://www.queenalice.com/game.php?id=1644282"]
[Date "2021.2.20"]
[Round "1"]
[White "trompmaster"]
[Black "Sacapiece"]
[Result "1-0"]
[WhiteElo "2425"]
[BlackElo "2236"]

1. e4 c5 2. Nf3 d6 3. d4 cxd4 4. Nxd4 Nf6 5. Nc3 g6 6. Be3 Bg7 7. f3 Nc6 8. Kf2
O-O 9. Be2 Nxd4 10. Bxd4 Be6 11. Qd3 Rc8 12. Rhd1 Qa5 13. Qb5 Qxb5 14. Bxb5 a6
15. Be2 b5 16. a3 Bc4 17. Rd2 Bh6 18. Be3 Bxe3+ 19. Kxe3 Nd7 20. Bxc4 Rxc4 21.
a4 Nb6 22. axb5 axb5 23. Ra7 Rxc3+ 24. bxc3 Nc4+ 25. Ke2 Nxd2 26. Kxd2 Rb8 27.
Rxe7 Kf8 28. Rd7 Rb6 29. Ke3 Ke8 30. Ra7 h5 31. Kd4 b4 32. cxb4 Rxb4+ 33. Kd5
Rb6 34. h4 Kf8 35. c4 Kg7 36. e5 dxe5 37. c5 Rb2 38. c6 Rxg2 39. c7 Rc2 40. Kd6
1-0

[Event "AUTO-ELITE-2312"]
[Site "http://www.queenalice.com/game.php?id=1644283"]
[Date "2021.2.20"]
[Round "1"]
[White "Sacapiece"]
[Black "trompmaster"]
[Result "0-1"]
[WhiteElo "2243"]
[BlackElo "2424"]

1. e4 d6 2. d4 Nf6 3. Nc3 Nbd7 4. f4 e5 5. Nf3 c6 6. Be2 Qb6 7. a3 Be7 8. h3 Nh5
9. O-O Nxf4 10. Bxf4 exf4 11. Qd2 g5 12. Kh1 h6 13. Bc4 Kf8 14. Ne2 Nf6 15. Qd3
Kg7 16. e5 Nd5 17. Bxd5 cxd5 18. b4 Be6 19. Rae1 a5 20. c3 axb4 21. cxb4 Qa6 22.
Qxa6 Rxa6 23. Nc3 dxe5 24. Rxe5 Rc8 25. b5 Rxa3 26. Nxd5 Bd6 27. Rxe6 fxe6 28.
Nb6 Rc2 0-1